[Event "Grand Pacific op"]
[Site "Victoria CAN"]
[Date "2008.03.23"]
[Round "4"]
[White "Enns, Edward"]
[Black "Botez, Alexandra"]
[Result "0-1"]
[WhiteElo "1248"]
[BlackElo "1841"]
[PlyCount "48"]
[GameId "2160767910412946"]
[EventDate "2008.03.21"]
[EventType "swiss"]
[EventRounds "6"]
[EventCountry "CAN"]
[SourceTitle "EXT 2011"]
[Source "ChessBase"]
[SourceDate "2011.11.26"]
[SourceVersion "1"]
[SourceVersionDate "2011.11.26"]
[SourceQuality "1"]

1. d4 f5 2. c4 g6 3. Nc3 Nf6 4. Bg5 Bg7 5. Qc2 d6 6. Nf3 O-O 7. e3 a6 8. a4 h6 9. Bxf6 Bxf6 10. O-O-O Be6 11. e4 c6 12. d5 cxd5 13. cxd5 fxe4 14. Nxe4 Bf5 15. Bd3 Bg7 16. Rhe1 Nd7 17. Kb1 Qb6 18. Qe2 Bg4 19. h3 Bxf3 20. gxf3 Rxf3 21. Rd2 Ne5 22. Bc4 Qb4 23. b3 Nxc4 24. Qxc4 Rxb3+ 0-1

[Event "Grand Pacific op"]
[Site "Victoria CAN"]
[Date "2008.03.23"]
[Round "4"]
[White "Friesen, Yascha"]
[Black "Jensen, Jacob"]
[Result "1-0"]
[WhiteElo "1739"]
[BlackElo "1370"]
[PlyCount "49"]
[GameId "2160767910412947"]
[EventDate "2008.03.21"]
[EventType "swiss"]
[EventRounds "6"]
[EventCountry "CAN"]
[SourceTitle "EXT 2011"]
[Source "ChessBase"]
[SourceDate "2011.11.26"]
[SourceVersion "1"]
[SourceVersionDate "2011.11.26"]
[SourceQuality "1"]

1. e4 c5 2. Nf3 d6 3. d4 cxd4 4. Nxd4 Nf6 5. Nc3 a6 6. Bg5 e6 7. f4 Be7 8. Qf3 h6 9. Bh4 Qb6 10. O-O-O Nxe4 11. Qxe4 Bxh4 12. Nf5 Bf6 13. Nxd6+ Kf8 14. Nxc8 Qc7 15. Qb4+ Kg8 16. Nb6 Nc6 17. Nxa8 Qb8 18. Qd6 Qxa8 19. Ne4 Be7 20. Qc7 Kh7 21. Nd6 Qa7 22. Bd3+ g6 23. Rhe1 Qc5 24. Be4 Bxd6 25. Qxf7# 1-0

[Event "Grand Pacific op"]
[Site "Victoria CAN"]
[Date "2008.03.23"]
[Round "4"]
[White "Harper, Dave"]
[Black "Lee, Daniel"]
[Result "0-1"]
[WhiteElo "1184"]
[BlackElo "1017"]
[PlyCount "110"]
[GameId "2160767910412948"]
[EventDate "2008.03.21"]
[EventType "swiss"]
[EventRounds "6"]
[EventCountry "CAN"]

1. d4 Nf6 2. Bf4 d5 3. Nf3 Nc6 4. e3 Bg4 5. Be2 Bxf3 6. Bxf3 Qd7 7. c3 O-O-O 8. Nd2 Re8 9. h3 e5 10. dxe5 Nxe5 11. O-O Nxf3+ 12. Nxf3 Bd6 13. Bxd6 Qxd6 14. Rc1 b5 15. Qd3 a6 16. Rc2 Ne4 17. Qd4 Rhg8 18. Rd1 Rd8 19. Qe5 f6 20. Qf5+ Qd7 21. Qxh7 g5 22. Qxd7+ Rxd7 23. Nh2 f5 24. f3 Nf6 25. Rcd2 c6 26. b4 g4 27. fxg4 fxg4 28. hxg4 Nxg4 29. Nxg4 Rxg4 30. Rf2 Re7 31. Rf8+ Kc7 32. Kf2 Rc4 33. Rd3 Rd7 34. Rf4 Rxf4+ 35. exf4 Kd6 36. Rg3 Rh7 37. Rg6+ Kc7 38. Re6 Rh1 39. Re1 Rh2 40. f5 Rh6 41. Re6 Rh5 42. Re7+ Kd8 43. Re5 Kc7 44. Kf3 Kb6 45. g3 a5 46. Kg4 Rh2 47. f6 axb4 48. f7 Rf2 49. Re7 bxc3 50. Re5 Rxf7 51. Re2 d4 52. a4 b4 53. Kg5 d3 54. Re5 d2 55. Kg6 Rf1 0-1

[Event "Grand Pacific op"]
[Site "Victoria CAN"]
[Date "2008.03.23"]
[Round "4"]
[White "Herringer, Greg"]
[Black "Chiu, Kenneth"]
[Result "1-0"]
[WhiteElo "1155"]
[BlackElo "871"]
[PlyCount "79"]
[GameId "2160767910412949"]
[EventDate "2008.03.21"]
[EventType "swiss"]
[EventRounds "6"]
[EventCountry "CAN"]

1. d4 d5 2. c3 Nf6 3. Nf3 Nc6 4. h3 e6 5. Qc2 h6 6. a3 Be7 7. Nbd2 a6 8. c4 O-O 9. b4 b5 10. c5 a5 11. Qd3 Ba6 12. Rb1 e5 13. Nxe5 Nxe5 14. dxe5 Bxc5 15. bxc5 b4 16. Qf3 Nd7 17. Qxd5 Nb6 18. Qxd8 Raxd8 19. cxb6 c6 20. axb4 axb4 21. Rxb4 c5 22. Rf4 f6 23. e6 Rfe8 24. Re4 f5 25. Re5 c4 26. Bb2 Re7 27. Nxc4 Bxc4 28. e3 Bxf1 29. Rxf1 Rb7 30. Bd4 f4 31. f3 Rbb8 32. Kf2 Ra8 33. b7 Ra2+ 34. Kg1 g5 35. b8=Q Rxb8 36. exf4 Rd8 37. Re4 Rc8 38. e7 Kh7 39. e8=Q Rcc2 40. Qf7# 1-0

[Event "Grand Pacific op"]
[Site "Victoria CAN"]
[Date "2008.03.23"]
[Round "4"]
[White "Jones, Cliff"]
[Black "Beaudin, Jesse"]
[Result "0-1"]
[WhiteElo "1715"]
[BlackElo "1945"]
[PlyCount "100"]
[GameId "2160767910412951"]
[EventDate "2008.03.21"]
[EventType "swiss"]
[EventRounds "6"]
[EventCountry "CAN"]

1. e4 c5 2. Nf3 d6 3. c3 Nf6 4. g3 Nc6 5. d3 e6 6. Bg2 Be7 7. O-O Bd7 8. Re1 Qb6 9. Na3 O-O 10. Nc4 Qc7 11. a4 e5 12. Ne3 h6 13. Nh4 Kh7 14. Nhf5 Qc8 15. d4 g6 16. dxe5 dxe5 17. Nxe7 Nxe7 18. Nc4 Qc7 19. f3 Rad8 20. Qe2 Be6 21. Bf1 Nc6 22. Be3 b6 23. Red1 Ng8 24. Rxd8 Rxd8 25. Rd1 Bxc4 26. Qc2 Rxd1 27. Qxd1 Bxf1 28. Kxf1 Qd8 29. Qd5 Qxd5 30. exd5 Nd8 31. Ke2 Ne7 32. c4 Nc8 33. a5 Nd6 34. axb6 axb6 35. Kd3 f5 36. b4 N8b7 37. h3 g5 38. bxc5 bxc5 39. f4 e4+ 40. Kc3 Kg6 41. fxg5 hxg5 42. h4 gxh4 43. gxh4 Kh5 44. Bg5 Na5 45. Be7 Naxc4 46. Kc2 f4 47. Kd1 f3 48. Ke1 e3 49. Kf1 Nd2+ 50. Ke1 f2+ 0-1

[Event "Grand Pacific op"]
[Site "Victoria CAN"]
[Date "2008.03.23"]
[Round "4"]
[White "Jung-Doknjas, Victoria"]
[Black "Wong, Justin"]
[Result "1-0"]
[WhiteElo "1450"]
[BlackElo "1080"]
[PlyCount "55"]
[GameId "2160767910412952"]
[EventDate "2008.03.21"]
[EventType "swiss"]
[EventRounds "6"]
[EventCountry "CAN"]

1. e4 c5 2. d3 Nc6 3. Nf3 e5 4. c3 g6 5. g3 Bg7 6. Bg2 d6 7. Bg5 f6 8. Be3 Be6 9. O-O Nh6 10. h4 Bg4 11. Qd2 Nf7 12. Nh2 Qd7 13. f4 b6 14. Nxg4 Qxg4 15. Kh2 Qd7 16. Bh3 Qd8 17. Be6 Nh6 18. fxe5 dxe5 19. Bxh6 Bxh6 20. Qxh6 Qxd3 21. Nd2 Qd8 22. Rad1 Qe7 23. Bd5 Rc8 24. Nc4 Qd7 25. Nd6+ Ke7 26. Qg7+ Kxd6 27. Bxc6+ Kxc6 28. Qxd7# 1-0

[Event "Grand Pacific op"]
[Site "Victoria CAN"]
[Date "2008.03.23"]
[Round "4"]
[White "Karavai, Algerd"]
[Black "Churchill, Sam"]
[Result "0-1"]
[WhiteElo "1140"]
[BlackElo "1670"]
[PlyCount "100"]
[GameId "2160767910412953"]
[EventDate "2008.03.21"]
[EventType "swiss"]
[EventRounds "6"]
[EventCountry "CAN"]
[SourceTitle "EXT 2011"]
[Source "ChessBase"]
[SourceDate "2011.11.26"]
[SourceVersion "1"]
[SourceVersionDate "2011.11.26"]
[SourceQuality "1"]

1. e4 e6 2. d4 d5 3. e5 c5 4. Nf3 Nc6 5. c3 cxd4 6. cxd4 Nh6 7. Bg5 Qb6 8. Bd3 Qxb2 9. Nbd2 Nxd4 10. Nxd4 Qxd4 11. Bb5+ Bd7 12. Bxd7+ Kxd7 13. Nf3 Bb4+ 14. Bd2 Bxd2+ 15. Nxd2 Qxe5+ 16. Kf1 Rhc8 17. Nf3 Qc3 18. Rc1 Qxc1 19. Qxc1 Rxc1+ 20. Ne1 Rac8 21. Ke2 Nf5 22. Kd2 R8c2+ 23. Nxc2 Rxh1 24. h3 Kd6 25. g4 Ne7 26. Nd4 a6 27. f4 Rh2+ 28. Ke3 Rxa2 29. f5 Ra3+ 30. Kf4 Rxh3 31. fxe6 fxe6 32. g5 e5+ 33. Kg4 exd4 34. Kxh3 Ke5 35. Kg2 Kf5 36. Kf1 Kxg5 37. Ke2 Kf4 38. Kd3 Nc6 39. Kd2 Ke4 40. Ke2 g5 41. Kd2 g4 42. Ke2 g3 43. Kf1 Kf3 44. Kg1 h5 45. Kh1 h4 46. Kg1 h3 47. Kh1 Ne5 48. Kg1 Ng4 49. Kh1 g2+ 50. Kg1 h2# 0-1

[Event "Grand Pacific op"]
[Site "Victoria CAN"]
[Date "2008.03.23"]
[Round "4"]
[White "Kristjansson, Olafur"]
[Black "Dactu-Romano, Anca"]
[Result "1/2-1/2"]
[WhiteElo "2080"]
[BlackElo "1815"]
[PlyCount "48"]
[GameId "2160767910412954"]
[EventDate "2008.03.21"]
[EventType "swiss"]
[EventRounds "6"]
[EventCountry "CAN"]

1. e4 c5 2. Nf3 d6 3. d4 cxd4 4. Nxd4 Nf6 5. Nc3 a6 6. Bc4 e6 7. Bb3 Be7 8. f4 O-O 9. f5 Nc6 10. fxe6 Nxd4 11. exf7+ Kh8 12. Qxd4 Ng4 13. Bf4 Ne5 14. Bxe5 dxe5 15. Qxe5 Bf6 16. Qf4 Bg5 17. Qf2 Bg4 18. O-O Bf6 19. Kh1 Be5 20. h3 Qg5 21. Ne2 Bxe2 22. Qxe2 Qg3 23. Kg1 Qh2+ 24. Kf2 Qg3+ 1/2-1/2

[Event "Grand Pacific op"]
[Site "Victoria CAN"]
[Date "2008.03.23"]
[Round "4"]
[White "Lam, Karen"]
[Black "Zhao, Donovan"]
[Result "0-1"]
[WhiteElo "921"]
[BlackElo "1520"]
[PlyCount "94"]
[GameId "2160767910412956"]
[EventDate "2008.03.21"]
[EventType "swiss"]
[EventRounds "6"]
[EventCountry "CAN"]

1. e4 d6 2. Nf3 Nf6 3. Bc4 Nxe4 4. d3 Nf6 5. O-O g6 6. h3 Bg7 7. Bg5 O-O 8. Nc3 c6 9. Re1 d5 10. Bb3 Nbd7 11. Rb1 Re8 12. a3 Qc7 13. Re2 h6 14. Bxf6 Bxf6 15. Qc1 Bg7 16. Qe1 e5 17. d4 e4 18. Nh4 Bxd4 19. Nd1 Nc5 20. c3 Nxb3 21. cxd4 Nxd4 22. Rd2 Ne6 23. Qe3 Kg7 24. Qc3+ d4 25. Qc2 f5 26. Rc1 Kf6 27. Qb3 g5 28. Nf3 exf3 29. gxf3 Qf4 30. Qd3 Qh4 31. Qf1 Nf4 32. Rxd4 Ne2+ 33. Qxe2 Rxe2 34. Rxh4 gxh4 35. Kf1 Re8 36. Rc4 f4 37. Rxf4+ Kg5 38. Rb4 Bxh3+ 39. Kg1 Re1+ 40. Kh2 Rxd1 41. Kxh3 Rb8 42. f4+ Kh5 43. f5 Rd3+ 44. Kg2 h3+ 45. Kh2 Rg8 46. Kh1 Rg2 47. Rc4 Rd1# 0-1

[Event "Grand Pacific op"]
[Site "Victoria CAN"]
[Date "2008.03.23"]
[Round "4"]
[White "Li, Changhe"]
[Black "Patterson, Roger"]
[Result "0-1"]
[WhiteElo "1932"]
[BlackElo "2254"]
[PlyCount "46"]
[GameId "2160767910412957"]
[EventDate "2008.03.21"]
[EventType "swiss"]
[EventRounds "6"]
[EventCountry "CAN"]

1. e4 e5 2. Nf3 Nc6 3. Nc3 Nf6 4. d4 exd4 5. Nxd4 Bb4 6. Nxc6 bxc6 7. Bd3 d5 8. O-O Bxc3 9. bxc3 dxe4 10. Ba3 exd3 11. Re1+ Be6 12. f4 Qd5 13. Re5 Qc4 14. Qe1 O-O-O 15. cxd3 Rxd3 16. f5 Bd5 17. Re7 Qxc3 18. Rxc7+ Kxc7 19. Qe7+ Kc8 20. Rb1 Qd4+ 21. Kf1 Rd1+ 22. Rxd1 Qxd1+ 23. Kf2 Qd2+ 0-1

[Event "Grand Pacific op"]
[Site "Victoria CAN"]
[Date "2008.03.23"]
[Round "4"]
[White "McLaren, Brian"]
[Black "Sohal, Tanraj"]
[Result "1-0"]
[WhiteElo "2246"]
[BlackElo "1825"]
[PlyCount "67"]
[GameId "2160767910412958"]
[EventDate "2008.03.21"]
[EventType "swiss"]
[EventRounds "6"]
[EventCountry "CAN"]

1. e4 c5 2. Nc3 Nc6 3. g3 g6 4. Bg2 Bg7 5. d3 d6 6. Be3 e6 7. Qd2 Bd7 8. Nge2 a6 9. d4 cxd4 10. Nxd4 Ne5 11. Qe2 b5 12. Rd1 Qc7 13. O-O Ne7 14. Nb1 O-O 15. b3 b4 16. Rc1 N5c6 17. Rfd1 Nxd4 18. Bxd4 e5 19. Be3 a5 20. c3 Bc6 21. Qd2 Rfd8 22. cxb4 axb4 23. Qxb4 Rxa2 24. Nc3 Raa8 25. Nd5 Rab8 26. Qc3 Qd7 27. Nxe7+ Qxe7 28. Qxc6 Rxb3 29. Ra1 Rbb8 30. Ra7 Qf8 31. Bf1 Rbc8 32. Qd5 h5 33. Bc4 Kh8 34. Rxf7 1-0

[Event "Grand Pacific op"]
[Site "Victoria CAN"]
[Date "2008.03.23"]
[Round "4"]
[White "Milne, Arthur"]
[Black "Doknjas, John"]
[Result "1-0"]
[WhiteElo "1869"]
[BlackElo "1406"]
[PlyCount "97"]
[GameId "2160767910412959"]
[EventDate "2008.03.21"]
[EventType "swiss"]
[EventRounds "6"]
[EventCountry "CAN"]

1. e4 e6 2. Nc3 d5 3. Nf3 dxe4 4. Nxe4 Nd7 5. d4 Be7 6. Be3 Ngf6 7. Nxf6+ Nxf6 8. Bd3 O-O 9. Qd2 b6 10. O-O-O Bb7 11. h4 Rc8 12. Kb1 Qe8 13. h5 c5 14. h6 g6 15. dxc5 Bxc5 16. Bg5 Nd5 17. Rh4 a5 18. c3 f6 19. Be3 Nxe3 20. fxe3 g5 21. Rhh1 Qa4 22. Bc2 Be4 23. Nd4 Bxc2+ 24. Qxc2 Qxc2+ 25. Kxc2 Bxd4 26. Rxd4 Rfd8 27. Rhd1 Rxd4 28. Rxd4 Kf7 29. Rd6 b5 30. Kb3 e5 31. Ra6 a4+ 32. Kb4 Rc4+ 33. Kxb5 Re4 34. c4 Rxe3 35. c5 Re2 36. b4 axb3 37. axb3 Rc2 38. c6 Ke6 39. Ra7 e4 40. Kb6 e3 41. Ra1 e2 42. b4 Kd6 43. b5 f5 44. Re1 g4 45. g3 Rd2 46. c7 Rc2 47. Rxe2 Rc3 48. Rd2+ Ke7 49. Kb7 1-0

[Event "Grand Pacific op"]
[Site "Victoria CAN"]
[Date "2008.03.23"]
[Round "4"]
[White "Moore, Harry"]
[Black "Leblanc, Paul"]
[Result "1/2-1/2"]
[WhiteElo "2281"]
[BlackElo "1955"]
[PlyCount "74"]
[GameId "2160767910412960"]
[EventDate "2008.03.21"]
[EventType "swiss"]
[EventRounds "6"]
[EventCountry "CAN"]
[SourceTitle "EXT 2011"]
[Source "ChessBase"]
[SourceDate "2011.11.26"]
[SourceVersion "1"]
[SourceVersionDate "2011.11.26"]
[SourceQuality "1"]

1. c4 c6 2. Nf3 d5 3. g3 Bf5 4. cxd5 cxd5 5. Qb3 Qc8 6. Nc3 e6 7. Bg2 Nf6 8. O-O Be7 9. d3 O-O 10. e4 dxe4 11. Nh4 Nc6 12. Nxf5 exf5 13. dxe4 fxe4 14. Nxe4 Nxe4 15. Bxe4 Qc7 16. Be3 Bf6 17. Qb5 Qe5 18. Qxe5 Bxe5 19. Rac1 Bxb2 20. Rb1 Bf6 21. Rxb7 Rac8 22. Bxc6 Rxc6 23. Rxa7 h5 24. h4 Be5 25. Rd1 Re8 26. Rad7 Bxg3 27. Rd8 Rce6 28. Bg5 Bc7 29. Rxe8+ Rxe8 30. a4 f6 31. Be3 Re4 32. Rd4 Rxd4 33. Bxd4 Ba5 34. Kf1 Kf7 35. Ke2 Ke6 36. Kd3 Kd5 37. Be3 Be1 1/2-1/2

[Event "Grand Pacific op"]
[Site "Victoria CAN"]
[Date "2008.03.23"]
[Round "4"]
[White "Neufahrt, Gerhard"]
[Black "Parker, Dylan"]
[Result "1/2-1/2"]
[WhiteElo "2012"]
[BlackElo "1466"]
[PlyCount "67"]
[GameId "2160767910412961"]
[EventDate "2008.03.21"]
[EventType "swiss"]
[EventRounds "6"]
[EventCountry "CAN"]
[SourceTitle "EXT 2011"]
[Source "ChessBase"]
[SourceDate "2011.11.26"]
[SourceVersion "1"]
[SourceVersionDate "2011.11.26"]
[SourceQuality "1"]

1. e4 e5 2. Nf3 Nc6 3. Bc4 Bc5 4. b4 Bxb4 5. c3 Ba5 6. O-O Nf6 7. d4 O-O 8. d5 Ne7 9. Nxe5 d6 10. Nf3 Nxe4 11. Bd3 Nf6 12. c4 Bg4 13. Bb2 Ng6 14. Nbd2 Ne5 15. Be2 Bxd2 16. Nxe5 Bxe2 17. Qxe2 dxe5 18. Qxd2 Re8 19. Rae1 Qd6 20. Qg5 Nd7 21. Qe3 Qa6 22. f4 Qxc4 23. fxe5 Qxd5 24. Rd1 Qxa2 25. Rxd7 Qxb2 26. Rfxf7 Qb1+ 27. Rf1 Qb5 28. Rxg7+ Kxg7 29. Qg5+ Kh8 30. Qf6+ Kg8 31. Qf7+ Kh8 32. Qf6+ Kg8 33. Qf7+ Kh8 34. Qf6+ 1/2-1/2

[Event "Grand Pacific op"]
[Site "Victoria CAN"]
[Date "2008.03.23"]
[Round "4"]
[White "Ozkan, Charlie"]
[Black "Hui, Jeremy"]
[Result "1-0"]
[WhiteElo "1950"]
[BlackElo "1318"]
[PlyCount "82"]
[GameId "2160767910412962"]
[EventDate "2008.03.21"]
[EventType "swiss"]
[EventRounds "6"]
[EventCountry "CAN"]

1. c4 Nf6 2. Nc3 g6 3. g3 Bg7 4. Bg2 O-O 5. d4 c6 6. Nf3 e6 7. e4 d5 8. e5 Ne8 9. b3 h6 10. O-O Nd7 11. Ba3 Nc7 12. Bxf8 Qxf8 13. c5 b6 14. b4 Bb7 15. a4 a6 16. Re1 Qe7 17. Rb1 b5 18. axb5 axb5 19. Qe2 Nf8 20. Ra1 Ra6 21. Nd2 Nh7 22. f4 Bc8 23. Nb3 Qe8 24. Ra2 Bb7 25. Rea1 Bc8 26. Na5 Qd7 27. Nd1 Qe8 28. Ne3 Qd7 29. Ng4 Qe8 30. Qd2 h5 31. Nf2 Qd7 32. Nh3 Qe8 33. Ng5 Qd7 34. Bf3 Qe8 35. Qd3 Nxg5 36. fxg5 Qd7 37. Rf1 Qe8 38. Raf2 Qd7 39. Bd1 f5 40. gxf6 Bxf6 41. Qxg6+ Kh8 1-0

[Event "Grand Pacific op"]
[Site "Victoria CAN"]
[Date "2008.03.23"]
[Round "4"]
[White "Rhodes, Tim"]
[Black "Wright, Ivo"]
[Result "1-0"]
[WhiteElo "1459"]
[BlackElo "1113"]
[PlyCount "69"]
[GameId "2160767910412963"]
[EventDate "2008.03.21"]
[EventType "swiss"]
[EventRounds "6"]
[EventCountry "CAN"]

1. e4 g6 2. d4 Bg7 3. c4 d6 4. Nc3 Nf6 5. Bg5 Nbd7 6. Nf3 O-O 7. Bd3 Kh8 8. Qd2 c5 9. Bh6 cxd4 10. Bxg7+ Kxg7 11. Nxd4 Nc5 12. O-O Bd7 13. Bc2 Qc8 14. b3 b6 15. Rae1 Re8 16. Qg5 Kh8 17. f4 Bh3 18. Rf3 Bg4 19. Rg3 Bh5 20. Nd5 Nxd5 21. exd5 e6 22. Qf6+ Kg8 23. Rge3 Bg4 24. Nb5 Qd7 25. Nc3 exd5 26. Nxd5 Rxe3 27. Rxe3 Ne6 28. Qh4 Qd8 29. Qxg4 Qd7 30. Nf6+ Kg7 31. Nxd7 Re8 32. f5 Nc7 33. Qd4+ Kh6 34. Rh3+ Kg5 35. Qh4# 1-0

[Event "Grand Pacific op"]
[Site "Victoria CAN"]
[Date "2008.03.23"]
[Round "4"]
[White "Stewart, Deron"]
[Black "Raymer, Evan"]
[Result "0-1"]
[WhiteElo "1523"]
[BlackElo "1878"]
[PlyCount "70"]
[GameId "2160767910412964"]
[EventDate "2008.03.21"]
[EventType "swiss"]
[EventRounds "6"]
[EventCountry "CAN"]

1. e4 c5 2. Nc3 Nc6 3. f4 g6 4. Nf3 Bg7 5. d3 e6 6. Be2 d5 7. e5 Nge7 8. Nb5 Qa5+ 9. c3 Qxb5 10. O-O O-O 11. g4 f5 12. g5 Qb6 13. h4 Bd7 14. Kg2 a6 15. Rh1 Kf7 16. h5 Rfd8 17. Nh4 Rac8 18. hxg6+ hxg6 19. Bh5 Rh8 20. Bf3 Rh7 21. Rh3 Rch8 22. Kg3 Nxe5 23. Qe2 Qd6 24. Bd2 Bb5 25. Rah1 Bxd3 26. Qe3 d4 27. Qf2 Nxf3 28. Nxf3 Rxh3+ 29. Rxh3 Rxh3+ 30. Kxh3 dxc3 31. bxc3 Be4 32. Kg3 Qd3 33. Qe3 Qxe3 34. Bxe3 Bxf3 35. Kxf3 b6 0-1

[Event "Grand Pacific op"]
[Site "Victoria CAN"]
[Date "2008.03.23"]
[Round "4"]
[White "Tate, William"]
[Black "Renaud, Joshua"]
[Result "0-1"]
[WhiteElo "1835"]
[BlackElo "1452"]
[PlyCount "98"]
[GameId "2160767910412965"]
[EventDate "2008.03.21"]
[EventType "swiss"]
[EventRounds "6"]
[EventCountry "CAN"]

1. e4 e6 2. d4 d5 3. Nc3 Nf6 4. Bg5 Be7 5. e5 Nfd7 6. Bxe7 Qxe7 7. f4 a6 8. Nf3 c5 9. Qd2 Nc6 10. Ne2 b5 11. c3 Nb6 12. b3 Bd7 13. dxc5 Qxc5 14. Ned4 Ne7 15. Bd3 Rc8 16. Rc1 b4 17. c4 dxc4 18. bxc4 Ned5 19. O-O Nc3 20. Kh1 Nxc4 21. Bxc4 Qxc4 22. Nb3 Qd5 23. Qf2 O-O 24. Qh4 Bb5 25. Rfe1 Nxa2 26. Rxc8 Rxc8 27. Nbd4 h6 28. h3 b3 29. Qf2 Nc1 30. Qd2 b2 31. Qxb2 Nd3 32. Qd2 Nxe1 33. Qxe1 Qc4 34. Kh2 Rd8 35. Qa1 Qa4 36. Qc3 Qc4 37. Qa1 Qd3 38. Qb2 Qc4 39. Qa1 Bc6 40. Nxc6 Qxc6 41. Qa5 Rd5 42. Qa1 a5 43. Nd4 Qc4 44. Nf3 a4 45. Kg3 Rd3 46. Qb2 a3 47. Qb8+ Kh7 48. Qf8 Qe4 49. Qxf7 Qg6+ 0-1

[Event "Grand Pacific op"]
[Site "Victoria CAN"]
[Date "2008.03.23"]
[Round "4"]
[White "Trochtchanovitch, Pavel"]
[Black "Tom, Foster"]
[Result "1-0"]
[WhiteElo "2010"]
[BlackElo "1700"]
[PlyCount "91"]
[GameId "2160767910412967"]
[EventDate "2008.03.21"]
[EventType "swiss"]
[EventRounds "6"]
[EventCountry "CAN"]

1. e4 e6 2. f4 d5 3. Nc3 c5 4. Nf3 Nc6 5. Bb5 a6 6. Bxc6+ bxc6 7. O-O Bd6 8. Ne5 Ne7 9. d3 O-O 10. Rf3 f6 11. Ng4 Ng6 12. Nf2 Qc7 13. Nh3 Bb7 14. Qe2 Rae8 15. Bd2 Qb8 16. Kh1 c4 17. dxc4 dxe4 18. Nxe4 c5 19. Rb3 Be7 20. Rg1 Qa8 21. Re3 Nh4 22. Nc3 Rd8 23. Be1 f5 24. Bxh4 Bxh4 25. Rxe6 Rfe8 26. Nd5 Kh8 27. Rd1 Rxe6 28. Qxe6 Qc8 29. Qxc8 Bxc8 30. g3 Bf6 31. c3 Bb7 32. Kg2 Kg8 33. Ng5 Bxg5 34. fxg5 Kf7 35. Kf2 Rd7 36. Rd3 g6 37. Ke2 Ke6 38. Nf4+ Ke7 39. Rxd7+ Kxd7 40. Nd5 Kd6 41. Nf6 Ke5 42. Ke3 a5 43. Nxh7 Ba6 44. b3 Ke6 45. Nf8+ Kf7 46. Nd7 1-0

[Event "Grand Pacific op"]
[Site "Victoria CAN"]
[Date "2008.03.23"]
[Round "4"]
[White "Tyler, Ron"]
[Black "Torres-Lopez, Alejandro"]
[Result "0-1"]
[WhiteElo "1273"]
[BlackElo "1133"]
[PlyCount "104"]
[GameId "2160767910412968"]
[EventDate "2008.03.21"]
[EventType "swiss"]
[EventRounds "6"]
[EventCountry "CAN"]

1. d4 d5 2. e3 Nf6 3. Nf3 Bg4 4. Nbd2 Ne4 5. Be2 Nc6 6. a3 e6 7. h3 Bh5 8. c4 Bxf3 9. Nxf3 a6 10. b4 Be7 11. Bb2 O-O 12. Qc2 Bh4 13. Nxh4 Qxh4 14. O-O Ne7 15. Bf3 c6 16. c5 Rab8 17. Bxe4 Qxe4 18. Qxe4 dxe4 19. Rac1 Nd5 20. Rc2 f5 21. Re1 Rf7 22. Bc1 g5 23. f3 h5 24. Rf1 Rbf8 25. fxe4 fxe4 26. Rxf7 Rxf7 27. Rf2 Rxf2 28. Kxf2 Kg7 29. Bd2 Kg6 30. g3 g4 31. h4 Kf5 32. Bc1 e5 33. Bb2 exd4 34. Bxd4 Nc7 35. Ke2 Nb5 36. Bb2 Ke6 37. a4 Nc7 38. Kd2 Nd5 39. Ba3 b6 40. cxb6 Nxb6 41. Kc3 Kd5 42. a5 Nc4 43. Bc1 Nd6 44. Bd2 Nf5 45. Be1 Nxe3 46. Kd2 Nc4+ 47. Kc3 Ne3 48. Bd2 Nf5 49. Bf4 Ne7 50. Be3 Nc8 51. Bb6 Nd6 52. Bc7 Nb5+ 0-1

[Event "Grand Pacific op"]
[Site "Victoria CAN"]
[Date "2008.03.23"]
[Round "4.6"]
[White "Han, Yifei"]
[Black "Lai, Peter"]
[Result "1/2-1/2"]
[WhiteElo "1846"]
[BlackElo "1610"]
[PlyCount "120"]
[GameId "2160767910412969"]
[EventDate "2008.03.21"]
[EventType "swiss"]
[EventRounds "6"]
[EventCountry "CAN"]

1. e4 e6 2. d4 d5 3. e5 c5 4. c3 Nc6 5. Nf3 Qb6 6. a3 Bd7 7. b4 cxd4 8. cxd4 Rc8 9. Bb2 Nh6 10. Bd3 Nf5 11. Bxf5 exf5 12. Nc3 Be6 13. O-O Qd8 14. Qa4 a6 15. b5 axb5 16. Qxb5 Qd7 17. Na4 Na7 18. Qxd7+ Bxd7 19. Nb6 Rc2 20. Rab1 Bc6 21. Rfd1 Be7 22. a4 O-O 23. Kf1 Bb4 24. Ne1 Rd2 25. Rxd2 Bxd2 26. Nd3 Ba5 27. Ba3 Rd8 28. Be7 Re8 29. Bc5 Nc8 30. Kg1 Nxb6 31. Bxb6 Bxb6 32. Rxb6 Bxa4 33. Rxb7 Bc6 34. Rc7 Ba8 35. h3 g6 36. Rd7 Kf8 37. Nb4 h6 38. Nxd5 Bxd5 39. Rxd5 Rb8 40. Rc5 Ke7 41. d5 Rb4 42. Rc7+ Ke8 43. g3 Re4 44. f4 g5 45. Rc6 gxf4 46. gxf4 Rxf4 47. e6 fxe6 48. Rxe6+ Kd7 49. Rxh6 Rd4 50. Kf2 Rxd5 51. Kf3 Ke7 52. Kf4 Kf7 53. h4 Kg7 54. Rb6 Rd4+ 55. Kg5 f4 56. Rb7+ Kg8 57. Kg6 Rd6+ 58. Kg5 f3 59. Rb2 Rd5+ 60. Kg4 Rd4+ 1/2-1/2

[Event "Grand Pacific op"]
[Site "Victoria CAN"]
[Date "2008.03.23"]
[Round "4.7"]
[White "Morin, Glenn"]
[Black "Han, Yiming"]
[Result "1-0"]
[WhiteElo "2276"]
[BlackElo "1831"]
[PlyCount "51"]
[GameId "2160767910412970"]
[EventDate "2008.03.21"]
[EventType "swiss"]
[EventRounds "6"]
[EventCountry "CAN"]

1. e4 e5 2. d4 exd4 3. c3 d5 4. cxd4 dxe4 5. Bc4 Nf6 6. Qb3 Qe7 7. Nc3 Nc6 8. Nge2 a6 9. Bg5 b5 10. Bd5 Na5 11. Qc2 c6 12. Bxe4 Bb7 13. O-O h6 14. Bh4 g5 15. Bg3 Nc4 16. Rfe1 Bg7 17. b3 Na3 18. Qd3 O-O 19. Be5 Rad8 20. Ng3 Nxe4 21. Bxg7 Qb4 22. Bxf8 Kxf8 23. Qxe4 Rxd4 24. Qe8+ Kg7 25. Nf5+ Kf6 26. Qe5+ 1-0

[Event "Grand Pacific op"]
[Site "Victoria CAN"]
[Date "2008.03.23"]
[Round "4.10"]
[White "Chan, James"]
[Black "Forman, Ken"]
[Result "1-0"]
[WhiteElo "2102"]
[BlackElo "1810"]
[PlyCount "70"]
[GameId "2160767910412971"]
[EventDate "2008.03.21"]
[EventType "swiss"]
[EventRounds "6"]
[EventCountry "CAN"]

1. e4 c5 2. Nf3 d6 3. d4 cxd4 4. Nxd4 Nf6 5. Nc3 a6 6. Bg5 e6 7. f4 Be7 8. Qf3 Nbd7 9. O-O-O Qc7 10. g4 b5 11. Bxf6 Bxf6 12. g5 Bxd4 13. Rxd4 Bb7 14. Qd1 Nc5 15. Bg2 Rd8 16. Re1 O-O 17. Re3 e5 18. Nd5 Bxd5 19. Rxd5 exf4 20. Rh3 g6 21. Qg4 Kg7 22. Qh4 Rh8 23. Qxf4 Qe7 24. Re3 Ne6 25. Qg3 Nc7 26. Rd2 Qe5 27. Red3 Qxg3 28. hxg3 Ne6 29. Rxd6 Rxd6 30. Rxd6 Nxg5 31. Rxa6 Re8 32. Rb6 Re5 33. Kd2 h5 34. Ke3 Ne6 35. Rd6 Rc5 1-0

[Event "Grand Pacific op"]
[Site "Victoria CAN"]
[Date "2008.03.23"]
[Round "4.13"]
[White "Raymer, Elliot"]
[Black "Murray, Mike"]
[Result "0-1"]
[WhiteElo "1773"]
[BlackElo "1918"]
[PlyCount "70"]
[GameId "2160767910412972"]
[EventDate "2008.03.21"]
[EventType "swiss"]
[EventRounds "6"]
[EventCountry "CAN"]

1. e4 Nc6 2. d4 e5 3. d5 Nce7 4. Nf3 Ng6 5. Be3 Nf6 6. Bd3 Bb4+ 7. c3 Ba5 8. Nbd2 Bb6 9. h3 Bxe3 10. fxe3 d6 11. O-O O-O 12. Bc2 Ne8 13. Nh2 Qg5 14. Qf3 Nh4 15. Qf2 Bxh3 16. Nhf3 Qxg2+ 17. Qxg2 Nxg2 18. Kf2 Nxe3 19. Kxe3 Bxf1 20. Rxf1 g6 21. Ng5 h6 22. Ngf3 Kg7 23. Nh4 Nf6 24. Rg1 Kh7 25. Bd1 Ng8 26. Bg4 Ne7 27. Rf1 h5 28. Bh3 f5 29. exf5 g5 30. f6 Rxf6 31. Nf5 Nxd5+ 32. Ke4 Nf4 33. Rh1 Re8 34. Nf3 d5+ 35. Ke3 Nxh3 0-1